[Event "Vellmar op 8th"]
[Site "Vellmar"]
[Date "2016.07.30"]
[Round "4"]
[White "Henkemeier, Michael"]
[Black "Langedijk, Ardjan"]
[Result "1/2-1/2"]
[WhiteElo "1942"]
[BlackElo "2101"]
[PlyCount "104"]
[EventDate "2016.07.28"]
[EventType "swiss"]
[EventRounds "7"]
[EventCountry "GER"]
[SourceTitle "CBM 173 Extra"]
[Source "ChessBase"]
[SourceDate "2016.08.29"]
[SourceVersion "1"]
[SourceVersionDate "2016.08.29"]
[SourceQuality "1"]

1. d4 d5 2. Nf3 Nf6 3. c4 e6 4. Bg5 Be7 5. Nc3 h6 6. Bh4 0-0 7. e3 b6 8. Bd3 Bb7 9. 0-0 Ne4 10. Bxe7 Qxe7 11. cxd5 exd5 12. Rc1 c6 13. Ne5 Nxc3 14. Rxc3 c5 15. b3 Na6 16. Qg4 Nc7 17. Rfc1 Bc8 18. Qh5 Ne6 19. Qf3 Bb7 20. Qf5 g6 21. Nxg6 fxg6 22. Qxg6+ Ng7 23. Qxh6 Rf6 24. Qh7+ Kf7 25. dxc5 Rc8 26. cxb6 Rxc3 27. Rxc3 axb6 28. Qh4 Qe5 29. Rc1 Qd6 30. Qg3 Qxg3 31. hxg3 Ne6 32. b4 Ke7 33. a4 Kd6 34. g4 Rf8 35. Bf5 Ng7 36. Bd3 Ne6 37. Rd1 Ra8 38. Bc2 Ke7 39. Bb3 Rd8 40. f4 Kf6 41. Kf2 d4 42. Rh1 dxe3+ 43. Kxe3 Nxf4 44. Kxf4 Rd4+ 45. Ke3 Rxb4 46. Rf1+ Kg7 47. Rf7+ Kg6 48. Rxb7 Rxb3+ 49. Kd2 Rb4 50. Kc3 Rxa4 51. Rxb6+ Kg5 52. Rb5+ Kxg4 1/2-1/2

[Event "Vellmar op 8th"]
[Site "Vellmar"]
[Date "2016.07.29"]
[Round "3"]
[White "Langedijk, Ardjan"]
[Black "Braun, Ingram H"]
[Result "0-1"]
[WhiteElo "2101"]
[BlackElo "1987"]
[PlyCount "72"]
[EventDate "2016.07.28"]
[EventType "swiss"]
[EventRounds "7"]
[EventCountry "GER"]
[SourceTitle "CBM 173 Extra"]
[Source "ChessBase"]
[SourceDate "2016.08.29"]
[SourceVersion "1"]
[SourceVersionDate "2016.08.29"]
[SourceQuality "1"]

1. Nf3 d5 2. g3 Nf6 3. Bg2 c5 4. 0-0 Nc6 5. d4 e6 6. b3 Be7 7. Bb2 0-0 8. e3 b6 9. Nbd2 Ba6 10. c4 Rc8 11. Ne5 cxd4 12. exd4 Nxe5 13. dxe5 Nd7 14. cxd5 Bxf1 15. Nxf1 exd5 16. Ne3 Bc5 17. Nxd5 Re8 18. b4 Bf8 19. f4 b5 20. Bd4 Nb6 21. Bxb6 axb6 22. Qg4 Bxb4 23. Nf6+ Kh8 24. Rd1 Qe7 25. Nxe8 Rxe8 26. Be4 g6 27. Kg2 f5 28. Qh3 Rd8 29. Bf3 Rxd1 30. Bxd1 Qd7 31. Bb3 Qd2+ 32. Kh1 Qe1+ 33. Kg2 Qe4+ 34. Kg1 Bc5+ 35. Kf1 Qf3+ 36. Ke1 Bb4# 0-1

[Event "Lisbon Christmas op"]
[Site "Lisbon"]
[Date "2014.12.27"]
[Round "3"]
[White "Langedijk, Ardjan"]
[Black "Wegerle, Joerg"]
[Result "0-1"]
[WhiteElo "2124"]
[BlackElo "2440"]
[PlyCount "72"]
[EventDate "2014.12.26"]
[EventType "swiss"]
[EventRounds "9"]
[EventCountry "POR"]
[SourceTitle "CBM 164 Extra"]
[Source "ChessBase"]
[SourceDate "2015.03.02"]
[SourceVersion "1"]
[SourceVersionDate "2015.03.02"]
[SourceQuality "1"]

1. e4 c5 2. Nf3 a6 3. c3 e6 4. d4 d5 5. exd5 Qxd5 6. Bd3 Nf6 7. 0-0 Be7 8. Re1 Nc6 9. Be3 cxd4 10. cxd4 0-0 11. Nc3 Qd8 12. Rc1 Bd7 13. Bb1 Rc8 14. Bg5 h6 15. Bxf6 Bxf6 16. Ne4 g6 17. Qd2 Bg7 18. Nc5 Rc7 19. Qf4 Bc8 20. Red1 Re7 21. Ne4 Rd7 22. Re1 Nxd4 23. Ne5 Rd5 24. Ng4 Nf5 25. Qb8 Kh8 26. Nc3 Rd4 27. Bxf5 exf5 28. Ne5 Kg8 29. Nf3 Qd6 30. Qa7 Rd3 31. h3 Rxf3 32. gxf3 Bd4 33. Qa8 Qg3+ 34. Kh1 Qxh3+ 35. Kg1 Qg3+ 36. Kh1 Bxf2 0-1

[Event "Haarlem BDO-B"]
[Site "Haarlem"]
[Date "2007.??.??"]
[Round "6"]
[White "Langedijk, Ardjan"]
[Black "Heemskerk, Wim"]
[Result "1/2-1/2"]
[WhiteElo "2232"]
[BlackElo "2237"]
[PlyCount "38"]
[EventDate "2007.08.18"]
[EventType "tourn"]
[EventRounds "9"]
[EventCountry "NED"]
[SourceTitle "CBM 120 Extra"]
[Source "ChessBase"]
[SourceDate "2007.11.01"]
[SourceVersion "1"]
[SourceVersionDate "2007.11.01"]
[SourceQuality "1"]

1. e4 e6 2. d4 d5 3. Nc3 Bb4 4. e5 Ne7 5. a3 Bxc3+ 6. bxc3 b6 7. Qg4 Ng6 8. h4 h5 9. Qg3 Ba6 10. Bxa6 Nxa6 11. Nf3 Qd7 12. Ng5 Nb8 13. Qd3 Nc6 14. Rh3 Nge7 15. a4 Na5 16. Kf1 Nc4 17. Kg1 Nf5 18. Nf3 a5 19. Ra2 Rc8 1/2-1/2

[Event "Haarlem BDO-B"]
[Site "Haarlem"]
[Date "2007.??.??"]
[Round "8"]
[White "Langedijk, Ardjan"]
[Black "Klein, David"]
[Result "1-0"]
[WhiteElo "2232"]
[BlackElo "2013"]
[PlyCount "63"]
[EventDate "2007.08.18"]
[EventType "tourn"]
[EventRounds "9"]
[EventCountry "NED"]
[SourceTitle "CBM 120 Extra"]
[Source "ChessBase"]
[SourceDate "2007.11.01"]
[SourceVersion "1"]
[SourceVersionDate "2007.11.01"]
[SourceQuality "1"]

1. e4 c5 2. Nf3 d6 3. d4 cxd4 4. Nxd4 Nf6 5. Nc3 a6 6. Bc4 e6 7. a4 Nc6 8. Be3 Be7 9. 0-0 0-0 10. Kh1 Qc7 11. Qe2 Bd7 12. f4 Rac8 13. Ba2 Nxd4 14. Bxd4 b5 15. e5 dxe5 16. fxe5 Ne8 17. axb5 axb5 18. Bb3 Qc6 19. Ne4 Kh8 20. Rf4 f5 21. exf6 Nxf6 22. Nxf6 gxf6 23. Raf1 e5 24. Bxe5 Rce8 25. Bd4 Bd8 26. Qf2 Bc8 27. Kg1 Bb7 28. Rxf6 Bxf6 29. Qxf6+ Rxf6 30. Bxf6+ Qxf6 31. Rxf6 Re2 32. Rf8+ 1-0

[Event "Haarlem BDO-B"]
[Site "Haarlem"]
[Date "2005.08.30"]
[Round "4"]
[White "Langedijk, Ardjan"]
[Black "Van Ketel, Raoul"]
[Result "1/2-1/2"]
[WhiteElo "2219"]
[BlackElo "2271"]
[PlyCount "83"]
[EventDate "2005.08.27"]
[EventType "tourn"]
[EventRounds "9"]
[EventCountry "NED"]
[SourceTitle "CBM 108 Extra"]
[Source "ChessBase"]
[SourceDate "2005.11.04"]
[SourceVersion "1"]
[SourceVersionDate "2005.11.04"]
[SourceQuality "1"]

1. e4 e6 2. d4 d5 3. Nc3 dxe4 4. Nxe4 Nd7 5. Nf3 Ngf6 6. Nxf6+ Nxf6 7. c3 c5 8. Be3 Qc7 9. Bb5+ Bd7 10. Bxd7+ Nxd7 11. Qa4 a6 12. dxc5 Bxc5 13. Bxc5 Qxc5 14. Rd1 0-0-0 15. 0-0 Ne5 16. Nd4 Rd5 17. b4 Qc4 18. Qc2 Kb8 19. Rd2 Rhd8 20. Rc1 Qc7 21. Rdd1 Ng4 22. g3 h5 23. Re1 Qb6 24. Re2 g6 25. Rce1 Qc7 26. Rc1 h4 27. Re4 Ne5 28. Rxh4 Rxd4 29. Rxd4 Nf3+ 30. Kg2 Nxd4 31. cxd4 Qxc2 32. Rxc2 Rxd4 33. Rb2 Kc7 34. Rb3 Kc6 35. a3 Rd2 36. Rc3+ Kd7 37. h4 b6 38. Kf3 a5 39. bxa5 bxa5 40. Ke3 Rb2 41. f3 Kd6 42. g4 1/2-1/2

[Event "Haarlem BDO-B"]
[Site "Haarlem"]
[Date "2005.08.28"]
[Round "2"]
[White "Langedijk, Ardjan"]
[Black "Van den Berg, Ad"]
[Result "1-0"]
[WhiteElo "2219"]
[BlackElo "2298"]
[PlyCount "61"]
[EventDate "2005.08.27"]
[EventType "tourn"]
[EventRounds "9"]
[EventCountry "NED"]
[SourceTitle "CBM 108 Extra"]
[Source "ChessBase"]
[SourceDate "2005.11.04"]
[SourceVersion "1"]
[SourceVersionDate "2005.11.04"]
[SourceQuality "1"]

1. e4 c5 2. Nf3 Nc6 3. Bb5 e5 4. 0-0 Nge7 5. c3 a6 6. Ba4 b5 7. Bc2 d6 8. h3 Ng6 9. d4 Qc7 10. Nbd2 Be7 11. d5 Nd8 12. a4 Rb8 13. axb5 axb5 14. Re1 0-0 15. Nf1 f5 16. exf5 Bxf5 17. Bxf5 Rxf5 18. Ng3 Rf8 19. Re4 Qc8 20. Ng5 Bxg5 21. Bxg5 Nf7 22. Be3 Ra8 23. Rxa8 Qxa8 24. Nf5 Qa2 25. Rg4 Ra8 26. Qf3 Qb1+ 27. Kh2 Ra4 28. Rxa4 bxa4 29. Qg4 e4 30. Nxd6 Nxd6 31. Qe6+ 1-0

[Event "Donner Memorial op"]
[Site "Amsterdam"]
[Date "1994.??.??"]
[Round "2"]
[White "Burlage, Peter"]
[Black "Langedijk, Ardjan"]
[Result "1-0"]
[WhiteElo "2177"]
[BlackElo "2008"]
[PlyCount "44"]
[EventDate "1994.08.??"]
[EventType "swiss"]
[EventRounds "9"]
[EventCountry "NED"]
[SourceTitle "EXT 2003"]
[Source "ChessBase"]
[SourceDate "2002.11.25"]
[SourceVersion "1"]
[SourceVersionDate "2002.11.25"]
[SourceQuality "1"]

1. e4 g6 2. d4 Bg7 3. Nc3 d6 4. f4 c6 5. Nf3 Bg4 6. Be3 Nd7 7. h3 Bxf3 8. Qxf3 Qa5 9. 0-0-0 b5 10. e5 d5 11. Kb1 b4 12. Ne2 e6 13. g4 Ne7 14. Ng3 Nc8 15. f5 Ncb6 16. Bd3 Nxe5 17. dxe5 Bxe5 18. Ne2 Na4 19. fxe6 fxe6 20. Bd4 Nc3+ 21. Nxc3 bxc3 22. Bxe5 Rf8 1-0